000 00570nam a22001937a 4500
005 20240703144304.0
010 _aENG-140472
020 _a9789394609020
_c700.00
035 _aEN-124004
037 _bDBAD
082 _a181.452
100 _aMoorthy A. M.
_968052
245 _aYoga For Healthy Life/
_cBy A. M. Moorthy
260 _bSree Balaji Medical College & Hospital
_c2022
_aChennai
270 _aChromepet, Chennai- Tamil Nadu
300 _a393p.
_c24cm(pb)
700 _aMoorthy A. M.
_eAuthor
_966728
942 _2ddc
_cEN
_h181.452
_mMOO
999 _c203162
_d203162